[Event "WchT Seniors 50"]
[Site "Rhodes"]
[Date "2019.04.20"]
[Round "5.7"]
[White "Johanson, Bjorn"]
[Black "Homer, Stephen J"]
[Result "0-1"]
[WhiteElo "1888"]
[BlackElo "2039"]
[PlyCount "39"]
[EventDate "2019.04.16"]
[EventType "team-swiss"]
[EventRounds "9"]
[EventCountry "GRE"]
[SourceTitle "CBM 190 Extra"]
[Source "ChessBase"]
[SourceDate "2019.07.15"]
[SourceVersion "1"]
[SourceVersionDate "2019.07.15"]
[SourceQuality "1"]
[WhiteTeam "Sweden"]
[BlackTeam "England II"]
[WhiteTeamCountry "SWE"]
[BlackTeamCountry "ENG"]

1. c4 e5 2. g3 Nc6 3. Bg2 Bc5 4. e3 d6 5. a3 a5 6. Nc3 Nf6 7. Nge2 0-0 8. 0-0 Bb6 9. Rb1 Bf5 10. d3 Qd7 11. b4 axb4 12. axb4 Bh3 13. b5 Bxg2 14. Kxg2 Ne7 15. e4 Ne8 16. f4 f5 17. fxe5 dxe5 18. Bg5 Nf6 19. exf5 Nxf5 20. Bxf6 0-1

[Event "WchT Seniors 50"]
[Site "Rhodes"]
[Date "2019.04.17"]
[Round "2.7"]
[White "Andersson, Erik"]
[Black "Johanson, Bjorn"]
[Result "1/2-1/2"]
[WhiteElo "1661"]
[BlackElo "1888"]
[PlyCount "57"]
[EventDate "2019.04.16"]
[EventType "team-swiss"]
[EventRounds "9"]
[EventCountry "GRE"]
[SourceTitle "CBM 190 Extra"]
[Source "ChessBase"]
[SourceDate "2019.07.15"]
[SourceVersion "1"]
[SourceVersionDate "2019.07.15"]
[SourceQuality "1"]
[WhiteTeam "Sweden II"]
[BlackTeam "Sweden"]
[WhiteTeamCountry "SWE"]
[BlackTeamCountry "SWE"]

1. Nf3 Nf6 2. b3 g6 3. Bb2 Bg7 4. e3 0-0 5. Be2 d6 6. d4 Nbd7 7. 0-0 b6 8. c4 e5 9. dxe5 Ng4 10. Nd4 Ndxe5 11. h3 Qh4 12. hxg4 c5 13. Nd2 cxd4 14. Bxd4 Bxg4 15. Bxg4 Nxg4 16. Nf3 Qe7 17. Bxg7 Kxg7 18. Qd4+ Ne5 19. Rfd1 Rfd8 20. Nxe5 dxe5 21. Qg4 f5 22. Qe2 e4 23. Rxd8 Rxd8 24. Rd1 Rd6 25. g3 Kh6 26. Kg2 Qd7 27. Rxd6 Qxd6 28. Qb2 Qd1 29. Qf6 1/2-1/2

[Event "SWE AM2001"]
[Site "Sweden"]
[Date "2001.??.??"]
[Round "11"]
[White "Friborg, Johan"]
[Black "Johanson, Bjorn"]
[Result "0-1"]
[WhiteElo "1469"]
[BlackElo "1626"]
[PlyCount "54"]
[EventDate "2001.??.??"]
[EventType "tourn"]
[EventRounds "15"]
[EventCountry "SWE"]
[SourceTitle "EXT 2003"]
[Source "ChessBase"]
[SourceDate "2002.11.25"]
[SourceVersion "1"]
[SourceVersionDate "2002.11.25"]
[SourceQuality "1"]

1. d4 d5 2. c4 c6 3. e3 Nf6 4. Nc3 e6 5. Nf3 Nbd7 6. Qc2 Bd6 7. Be2 dxc4 8. Bxc4 e5 9. 0-0 0-0 10. Rd1 exd4 11. Nxd4 Qc7 12. Nf3 Ne5 13. Nxe5 Bxe5 14. h3 a6 15. Bd3 h6 16. b3 Be6 17. Bb2 Rad8 18. Be2 Nd5 19. Na4 Bh2+ 20. Kf1 Be5 21. Bxe5 Qxe5 22. Rd4 Qh2 23. Bd1 Qh1+ 24. Ke2 Qxg2 25. Nc5 Bxh3 26. Nd3 Rfe8 27. Nf4 Rxe3+ 0-1

[Event "SWE AM2001"]
[Site "Sweden"]
[Date "2001.??.??"]
[Round "6"]
[White "Johanson, Bjorn"]
[Black "Orava, Ari"]
[Result "1-0"]
[WhiteElo "1594"]
[BlackElo "1436"]
[PlyCount "124"]
[EventDate "2001.??.??"]
[EventType "tourn"]
[EventRounds "15"]
[EventCountry "SWE"]
[SourceTitle "EXT 2003"]
[Source "ChessBase"]
[SourceDate "2002.11.25"]
[SourceVersion "1"]
[SourceVersionDate "2002.11.25"]
[SourceQuality "1"]

1. e4 e6 2. d4 d5 3. Nd2 dxe4 4. Nxe4 Nf6 5. Bd3 Nc6 6. c3 Be7 7. Be3 e5 8. Nf3 Bg4 9. h3 Bxf3 10. Qxf3 exd4 11. cxd4 Nxd4 12. Nxf6+ Bxf6 13. Qe4+ Ne6 14. Rd1 c6 15. 0-0 Qe7 16. b3 g6 17. Rfe1 0-0 18. Bh6 Rfe8 19. Qg4 Rad8 20. Kh1 Qc5 21. Be3 Qc3 22. Bc4 Ng7 23. Rc1 Qa5 24. b4 Qf5 25. Qxf5 Nxf5 26. Bxa7 Rxe1+ 27. Rxe1 Nd6 28. Bb3 Nb5 29. Bb6 Rd2 30. Re8+ Kg7 31. Bc5 g5 32. Rb8 Nd4 33. Rxb7 Nxb3 34. axb3 Be5 35. g3 Rb2 36. Rb6 Rxb3 37. Rxc6 Bc3 38. Rb6 Rb1+ 39. Kg2 Rd1 40. Be3 Rd5 41. Bc5 Bd4 42. Rd6 Rxd6 43. Bxd6 Bb6 44. Bc5 Bc7 45. Kf3 f5 46. b5 Kf6 47. b6 Bb8 48. Ke3 Ke6 49. Kd4 h5 50. Kc4 f4 51. gxf4 Bxf4 52. Be3 Bxe3 53. fxe3 Kd7 54. Kb5 Kc8 55. Kc4 g4 56. hxg4 h4 57. g5 h3 58. g6 h2 59. g7 h1Q 60. g8Q+ Kb7 61. Qd5+ Qxd5+ 62. Kxd5 Kxb6 1-0

[Event "SWE AM2001"]
[Site "Sweden"]
[Date "2001.??.??"]
[Round "10"]
[White "Johanson, Bjorn"]
[Black "Wengholm, Anders"]
[Result "0-1"]
[WhiteElo "1594"]
[BlackElo "2274"]
[PlyCount "51"]
[EventDate "2001.??.??"]
[EventType "tourn"]
[EventRounds "15"]
[EventCountry "SWE"]
[SourceTitle "EXT 2003"]
[Source "ChessBase"]
[SourceDate "2002.11.25"]
[SourceVersion "1"]
[SourceVersionDate "2002.11.25"]
[SourceQuality "1"]

1. e4 c5 2. d4 cxd4 3. c3 dxc3 4. Nxc3 Nc6 5. Nf3 d6 6. Bc4 a6 7. h3 Nf6 8. Qe2 e6 9. 0-0 b5 10. Bb3 Bd7 11. Rd1 Qb8 12. Bg5 Be7 13. Nd4 0-0 14. f4 h6 15. Nxc6 Bxc6 16. Bh4 b4 17. e5 dxe5 18. fxe5 Bc5+ 19. Kh1 Nd7 20. Ne4 Qxe5 21. Rac1 Qxe4 22. Qxe4 Bxe4 23. Rxd7 Rac8 24. Rc4 Bd5 25. Rxc5 Rxc5 26. Be7 0-1